| 000 | 00896nam a2200265 a 4500 | ||
|---|---|---|---|
| 003 | DO-SdBNP | ||
| 005 | 20230906090456.0 | ||
| 007 | ta | ||
| 008 | 100219s2002 dr 000 0 spa d | ||
| 040 |
_aDO-SdBNP _bspa _cBNPHU _erda |
||
| 082 |
_a342.729302 _bR426cons, 2002 |
||
| 110 | 1 |
_aRepública Dominicana. _9447 |
|
| 240 | 1 | 0 | _aConstitución (2002) |
| 245 | 1 | 0 |
_aConstitución de la República Dominicana : _b(proclamada el 25 de julio del año 2002.) |
| 264 | 1 |
_aSanto Domingo : _b[editor no identificado], _c2002. |
|
| 300 |
_a44 páginas ; _c21 cm. |
||
| 336 |
_2rdacontent _atexto _btxt |
||
| 337 |
_2rdamedia _asin mediación _bn |
||
| 338 |
_2rdacarrier _avolumen _bnc |
||
| 590 | _aInventariado, 2023/ YL | ||
| 651 | 4 |
_aRepública Dominicana _xConstitución (2002) _910514 |
|
| 651 | 4 |
_aRepública Dominicana _xDerecho Constitucional _99303 |
|
| 910 | _aYLockward | ||
| 942 |
_2ddc _cLF2 |
||
| 999 |
_c54631 _d54631 |
||